El Matadero

Salvato in:
Dettagli Bibliografici
Autore principale: Echeverría, Esteban (Autore)
Natura: Libro
Lingua:spagnolo
Pubblicazione: Bogotá Norma 1996
Edizione:2a. ed
Serie:Cara y Cruz
Soggetti:
Tags: Aggiungi Tag
Nessun Tag, puoi essere il primo ad aggiungerne!!

MARC

LEADER 00000nam a2200000 a 4500
001 UCH4168
003 CL-VaPUC
008 090818e19960000CK |||||||||||||||||spa|d
020 |a 9580409781 
082 0 4 |a Ch863  |b ECH  |2 21 
100 0 |a Echeverría, Esteban  |e author  |9 356322 
245 1 3 |a El Matadero 
246 1 0 |a A propósito de Esteban Echeverría y su obra 
250 |a 2a. ed 
300 |a 100 p 
942 |c BK 
945 |d 20090818 00:00:00  |a ccalabra 
260 |a Bogotá  |b Norma  |c 1996 
650 0 |a Literatura chilena   |9 308278 
650 7 |a NOVELAS  |2 CL-VaPUC  |9 333250 
650 0 |a Ficción   |9 376687 
650 0 |a Biografías  |9 255210 
650 0 |a Literatura  |9 259151 
651 7 |a CHILE  |2 CL-VaPUC  |9 539634 
583 |a last modification  |c 20090818 00:00:00  |k Rodrigo Vera 
490 0 |a Cara y Cruz 
999 |c 335505  |d 335503